<?xml version="1.0" encoding="UTF-8"?>
<record
    xmlns:xsi="http://www.w3.org/2001/XMLSchema-instance"
    xsi:schemaLocation="http://www.loc.gov/MARC21/slim http://www.loc.gov/standards/marcxml/schema/MARC21slim.xsd"
    xmlns="http://www.loc.gov/MARC21/slim">

  <leader>00769nam a2200277 a 4500</leader>
  <controlfield tag="005">20170215020001.0</controlfield>
  <controlfield tag="008">140306b1989    ck ||||| |||| 00| 0 spa d</controlfield>
  <datafield tag="040" ind1=" " ind2=" ">
    <subfield code="a">CO-BoIAVH</subfield>
    <subfield code="c">CO-BoIAVH</subfield>
  </datafield>
  <datafield tag="041" ind1=" " ind2=" ">
    <subfield code="a">spa</subfield>
  </datafield>
  <datafield tag="044" ind1=" " ind2=" ">
    <subfield code="a">ck</subfield>
  </datafield>
  <datafield tag="090" ind1=" " ind2=" ">
    <subfield code="a">LB</subfield>
    <subfield code="b">02440</subfield>
  </datafield>
  <datafield tag="110" ind1=" " ind2=" ">
    <subfield code="b">Instituto Geogr&#xE1;fico Agust&#xED;n Codazzi</subfield>
    <subfield code="9">35070</subfield>
  </datafield>
  <datafield tag="245" ind1=" " ind2=" ">
    <subfield code="a">Diccionario Geogr&#xE1;fico de Colombia</subfield>
  </datafield>
  <datafield tag="250" ind1=" " ind2=" ">
    <subfield code="a">3 ed.</subfield>
  </datafield>
  <datafield tag="260" ind1=" " ind2=" ">
    <subfield code="a">Bogot&#xE1;</subfield>
    <subfield code="b">IGAC</subfield>
    <subfield code="c">1989</subfield>
  </datafield>
  <datafield tag="300" ind1=" " ind2=" ">
    <subfield code="a">4 Tomos</subfield>
  </datafield>
  <datafield tag="650" ind1=" " ind2=" ">
    <subfield code="a">Diccionarios</subfield>
    <subfield code="9">35071</subfield>
  </datafield>
  <datafield tag="650" ind1=" " ind2=" ">
    <subfield code="a">Top&#xF3;nimos geogr&#xE1;ficos</subfield>
    <subfield code="9">16817</subfield>
  </datafield>
  <datafield tag="650" ind1=" " ind2=" ">
    <subfield code="a">Nombres geogr&#xE1;ficos</subfield>
    <subfield code="9">35072</subfield>
  </datafield>
  <datafield tag="650" ind1=" " ind2=" ">
    <subfield code="a">Localidades</subfield>
    <subfield code="9">16818</subfield>
  </datafield>
  <datafield tag="650" ind1=" " ind2=" ">
    <subfield code="a">Municipios</subfield>
    <subfield code="9">35073</subfield>
  </datafield>
  <datafield tag="650" ind1=" " ind2=" ">
    <subfield code="a">Departamentos</subfield>
    <subfield code="9">16820</subfield>
  </datafield>
  <datafield tag="650" ind1=" " ind2=" ">
    <subfield code="a">Accidentes geogr&#xE1;ficos</subfield>
    <subfield code="9">16821</subfield>
  </datafield>
  <datafield tag="662" ind1=" " ind2=" ">
    <subfield code="a">Colombia</subfield>
  </datafield>
  <datafield tag="942" ind1=" " ind2=" ">
    <subfield code="c">Impreso</subfield>
    <subfield code="0">40</subfield>
    <subfield code="2">z</subfield>
  </datafield>
  <datafield tag="999" ind1=" " ind2=" ">
    <subfield code="c">1745</subfield>
    <subfield code="d">1745</subfield>
  </datafield>
  <datafield tag="952" ind1=" " ind2=" ">
    <subfield code="0">0</subfield>
    <subfield code="1">0</subfield>
    <subfield code="2">z</subfield>
    <subfield code="4">1</subfield>
    <subfield code="7">0</subfield>
    <subfield code="8">GENERAL</subfield>
    <subfield code="a">Bogota</subfield>
    <subfield code="b">Bogota</subfield>
    <subfield code="d">1998-01-15</subfield>
    <subfield code="e">IGAC</subfield>
    <subfield code="l">2</subfield>
    <subfield code="o">LB-02440</subfield>
    <subfield code="p">003768</subfield>
    <subfield code="r">2015-08-24 00:00:00</subfield>
    <subfield code="s">2015-08-21</subfield>
    <subfield code="t">V.1 Ej.1</subfield>
    <subfield code="w">2012-12-04</subfield>
    <subfield code="y">Referencia</subfield>
  </datafield>
  <datafield tag="952" ind1=" " ind2=" ">
    <subfield code="0">0</subfield>
    <subfield code="1">0</subfield>
    <subfield code="2">z</subfield>
    <subfield code="4">0</subfield>
    <subfield code="7">0</subfield>
    <subfield code="8">GENERAL</subfield>
    <subfield code="a">Bogota</subfield>
    <subfield code="b">Bogota</subfield>
    <subfield code="d">2002-05-31</subfield>
    <subfield code="e">IGAC</subfield>
    <subfield code="l">3</subfield>
    <subfield code="o">LB-02440</subfield>
    <subfield code="p">003769</subfield>
    <subfield code="r">2015-08-28 00:00:00</subfield>
    <subfield code="s">2015-08-21</subfield>
    <subfield code="t">V.2 Ej.1</subfield>
    <subfield code="w">2012-12-04</subfield>
    <subfield code="y">Referencia</subfield>
  </datafield>
  <datafield tag="952" ind1=" " ind2=" ">
    <subfield code="0">0</subfield>
    <subfield code="1">0</subfield>
    <subfield code="2">z</subfield>
    <subfield code="4">1</subfield>
    <subfield code="7">0</subfield>
    <subfield code="8">GENERAL</subfield>
    <subfield code="a">Bogota</subfield>
    <subfield code="b">Bogota</subfield>
    <subfield code="d">2002-05-31</subfield>
    <subfield code="e">IGAC</subfield>
    <subfield code="l">1</subfield>
    <subfield code="o">LB-02440</subfield>
    <subfield code="p">003770</subfield>
    <subfield code="r">2015-04-30 00:00:00</subfield>
    <subfield code="s">2015-04-29</subfield>
    <subfield code="t">V.3 Ej.1</subfield>
    <subfield code="w">2012-12-04</subfield>
    <subfield code="y">Referencia</subfield>
  </datafield>
  <datafield tag="952" ind1=" " ind2=" ">
    <subfield code="0">0</subfield>
    <subfield code="1">0</subfield>
    <subfield code="2">z</subfield>
    <subfield code="4">0</subfield>
    <subfield code="7">0</subfield>
    <subfield code="8">GENERAL</subfield>
    <subfield code="a">Bogota</subfield>
    <subfield code="b">Bogota</subfield>
    <subfield code="d">2002-05-31</subfield>
    <subfield code="e">IGAC</subfield>
    <subfield code="l">5</subfield>
    <subfield code="m">1</subfield>
    <subfield code="o">LB-02440</subfield>
    <subfield code="p">005034</subfield>
    <subfield code="r">2015-07-22 00:00:00</subfield>
    <subfield code="s">2015-07-08</subfield>
    <subfield code="t">V.1 Ej.3</subfield>
    <subfield code="w">2012-12-04</subfield>
    <subfield code="x">Compra</subfield>
    <subfield code="y">Referencia</subfield>
  </datafield>
  <datafield tag="952" ind1=" " ind2=" ">
    <subfield code="0">0</subfield>
    <subfield code="1">0</subfield>
    <subfield code="2">z</subfield>
    <subfield code="4">0</subfield>
    <subfield code="7">0</subfield>
    <subfield code="8">GENERAL</subfield>
    <subfield code="I">INV2017</subfield>
    <subfield code="a">Venado</subfield>
    <subfield code="b">Venado</subfield>
    <subfield code="d">2015-01-05</subfield>
    <subfield code="e">Instituto</subfield>
    <subfield code="g">50000.00</subfield>
    <subfield code="l">0</subfield>
    <subfield code="o">LB-02440</subfield>
    <subfield code="p">005035</subfield>
    <subfield code="r">2012-12-04 00:00:00</subfield>
    <subfield code="t">V.2 Ej.2</subfield>
    <subfield code="w">2012-12-04</subfield>
    <subfield code="x">Donaci&#xF3;n</subfield>
    <subfield code="y">Referencia</subfield>
  </datafield>
  <datafield tag="952" ind1=" " ind2=" ">
    <subfield code="0">0</subfield>
    <subfield code="1">0</subfield>
    <subfield code="2">z</subfield>
    <subfield code="4">0</subfield>
    <subfield code="7">0</subfield>
    <subfield code="8">GENERAL</subfield>
    <subfield code="a">Bogota</subfield>
    <subfield code="b">Bogota</subfield>
    <subfield code="d">2002-05-31</subfield>
    <subfield code="e">IGAC</subfield>
    <subfield code="l">6</subfield>
    <subfield code="m">1</subfield>
    <subfield code="o">LB-02440</subfield>
    <subfield code="p">005036</subfield>
    <subfield code="r">2015-08-28 00:00:00</subfield>
    <subfield code="s">2015-08-21</subfield>
    <subfield code="t">V.3 Ej.3</subfield>
    <subfield code="w">2012-12-04</subfield>
    <subfield code="x">Compra</subfield>
    <subfield code="y">Referencia</subfield>
  </datafield>
  <datafield tag="952" ind1=" " ind2=" ">
    <subfield code="0">0</subfield>
    <subfield code="1">0</subfield>
    <subfield code="2">z</subfield>
    <subfield code="4">0</subfield>
    <subfield code="7">0</subfield>
    <subfield code="8">GENERAL</subfield>
    <subfield code="a">Bogota</subfield>
    <subfield code="b">Bogota</subfield>
    <subfield code="d">2002-05-31</subfield>
    <subfield code="e">IGAC</subfield>
    <subfield code="l">6</subfield>
    <subfield code="m">1</subfield>
    <subfield code="o">LB-02440</subfield>
    <subfield code="p">005037</subfield>
    <subfield code="r">2014-12-17 00:00:00</subfield>
    <subfield code="s">2014-12-17</subfield>
    <subfield code="t">V.4 Ej.3</subfield>
    <subfield code="w">2012-12-04</subfield>
    <subfield code="x">Compra</subfield>
    <subfield code="y">Referencia</subfield>
  </datafield>
  <datafield tag="952" ind1=" " ind2=" ">
    <subfield code="0">0</subfield>
    <subfield code="1">0</subfield>
    <subfield code="2">z</subfield>
    <subfield code="4">0</subfield>
    <subfield code="7">0</subfield>
    <subfield code="8">MEDIOSM</subfield>
    <subfield code="a">Bogota</subfield>
    <subfield code="b">Bogota</subfield>
    <subfield code="d">2002-05-31</subfield>
    <subfield code="e">IGAC</subfield>
    <subfield code="l">3</subfield>
    <subfield code="o">LB-02440</subfield>
    <subfield code="p">059561</subfield>
    <subfield code="r">2017-02-14 00:00:00</subfield>
    <subfield code="s">2017-02-14</subfield>
    <subfield code="t">V.4 Ej.2</subfield>
    <subfield code="w">2012-12-04</subfield>
    <subfield code="x">Compra</subfield>
    <subfield code="y">CD-ROM</subfield>
  </datafield>
  <datafield tag="952" ind1=" " ind2=" ">
    <subfield code="0">0</subfield>
    <subfield code="1">0</subfield>
    <subfield code="2">z</subfield>
    <subfield code="4">0</subfield>
    <subfield code="7">0</subfield>
    <subfield code="8">GENERAL</subfield>
    <subfield code="I">INV2017</subfield>
    <subfield code="a">Venado</subfield>
    <subfield code="b">Venado</subfield>
    <subfield code="d">2015-01-05</subfield>
    <subfield code="e">Instituto</subfield>
    <subfield code="g">50000.00</subfield>
    <subfield code="l">0</subfield>
    <subfield code="o">LB-02440</subfield>
    <subfield code="p">005474</subfield>
    <subfield code="r">2012-12-04 00:00:00</subfield>
    <subfield code="t">V.1 Ej.2</subfield>
    <subfield code="w">2012-12-04</subfield>
    <subfield code="x">Donaci&#xF3;n</subfield>
    <subfield code="y">Referencia</subfield>
  </datafield>
  <datafield tag="952" ind1=" " ind2=" ">
    <subfield code="0">0</subfield>
    <subfield code="1">0</subfield>
    <subfield code="2">z</subfield>
    <subfield code="4">0</subfield>
    <subfield code="7">0</subfield>
    <subfield code="8">GENERAL</subfield>
    <subfield code="a">Bogota</subfield>
    <subfield code="b">Bogota</subfield>
    <subfield code="d">2002-05-31</subfield>
    <subfield code="e">IGAC</subfield>
    <subfield code="l">4</subfield>
    <subfield code="m">1</subfield>
    <subfield code="o">LB-02440</subfield>
    <subfield code="p">005475</subfield>
    <subfield code="r">2015-07-22 00:00:00</subfield>
    <subfield code="s">2015-07-08</subfield>
    <subfield code="t">V.2 Ej.3</subfield>
    <subfield code="w">2012-12-04</subfield>
    <subfield code="x">Compra</subfield>
    <subfield code="y">Referencia</subfield>
  </datafield>
  <datafield tag="952" ind1=" " ind2=" ">
    <subfield code="0">0</subfield>
    <subfield code="1">0</subfield>
    <subfield code="2">z</subfield>
    <subfield code="4">0</subfield>
    <subfield code="7">0</subfield>
    <subfield code="8">GENERAL</subfield>
    <subfield code="I">INV2017</subfield>
    <subfield code="a">Venado</subfield>
    <subfield code="b">Venado</subfield>
    <subfield code="d">2015-01-05</subfield>
    <subfield code="e">Instituto</subfield>
    <subfield code="g">50000.00</subfield>
    <subfield code="l">0</subfield>
    <subfield code="o">LB-02440</subfield>
    <subfield code="p">005476</subfield>
    <subfield code="r">2012-12-04 00:00:00</subfield>
    <subfield code="t">V.3 Ej.2</subfield>
    <subfield code="w">2012-12-04</subfield>
    <subfield code="x">Donaci&#xF3;n</subfield>
    <subfield code="y">Referencia</subfield>
  </datafield>
  <datafield tag="952" ind1=" " ind2=" ">
    <subfield code="0">0</subfield>
    <subfield code="1">0</subfield>
    <subfield code="2">z</subfield>
    <subfield code="4">0</subfield>
    <subfield code="7">0</subfield>
    <subfield code="8">GENERAL</subfield>
    <subfield code="I">INV2017</subfield>
    <subfield code="a">Venado</subfield>
    <subfield code="b">Venado</subfield>
    <subfield code="d">2015-01-05</subfield>
    <subfield code="e">Instituto</subfield>
    <subfield code="g">50000.00</subfield>
    <subfield code="l">0</subfield>
    <subfield code="o">LB-02440</subfield>
    <subfield code="p">005477</subfield>
    <subfield code="r">2012-12-04 00:00:00</subfield>
    <subfield code="t">V.4 Ej.2</subfield>
    <subfield code="w">2012-12-04</subfield>
    <subfield code="x">Donaci&#xF3;n</subfield>
    <subfield code="y">Referencia</subfield>
  </datafield>
  <datafield tag="952" ind1=" " ind2=" ">
    <subfield code="0">0</subfield>
    <subfield code="1">0</subfield>
    <subfield code="2">z</subfield>
    <subfield code="4">0</subfield>
    <subfield code="7">0</subfield>
    <subfield code="8">GENERAL</subfield>
    <subfield code="a">Villa</subfield>
    <subfield code="b">Villa</subfield>
    <subfield code="d">2002-05-31</subfield>
    <subfield code="e">IGAC</subfield>
    <subfield code="l">0</subfield>
    <subfield code="o">LB-02440</subfield>
    <subfield code="p">015809</subfield>
    <subfield code="r">2012-12-04 00:00:00</subfield>
    <subfield code="t">V.4 Ej.1</subfield>
    <subfield code="w">2012-12-04</subfield>
    <subfield code="x">Compra</subfield>
    <subfield code="y">Referencia</subfield>
  </datafield>
  <datafield tag="952" ind1=" " ind2=" ">
    <subfield code="0">0</subfield>
    <subfield code="1">0</subfield>
    <subfield code="2">z</subfield>
    <subfield code="4">0</subfield>
    <subfield code="7">0</subfield>
    <subfield code="8">TIC</subfield>
    <subfield code="a">Villa</subfield>
    <subfield code="b">Villa</subfield>
    <subfield code="d">2014-12-18</subfield>
    <subfield code="l">1</subfield>
    <subfield code="o">LB-02440</subfield>
    <subfield code="p">018243</subfield>
    <subfield code="r">2016-11-28 00:00:00</subfield>
    <subfield code="s">2016-11-28</subfield>
    <subfield code="t">V.2 Ej.4</subfield>
    <subfield code="w">2014-12-18</subfield>
    <subfield code="y">Referencia</subfield>
    <subfield code="z">Corcovada- Lynval and cove. Tomo 2</subfield>
  </datafield>
  <datafield tag="952" ind1=" " ind2=" ">
    <subfield code="0">0</subfield>
    <subfield code="1">0</subfield>
    <subfield code="2">z</subfield>
    <subfield code="4">0</subfield>
    <subfield code="7">0</subfield>
    <subfield code="8">TIC</subfield>
    <subfield code="a">Villa</subfield>
    <subfield code="b">Villa</subfield>
    <subfield code="d">2014-12-18</subfield>
    <subfield code="l">1</subfield>
    <subfield code="o">LB-02440</subfield>
    <subfield code="p">038468</subfield>
    <subfield code="r">2015-03-09 00:00:00</subfield>
    <subfield code="s">2015-03-05</subfield>
    <subfield code="t">V.3 Ej.4</subfield>
    <subfield code="w">2014-12-18</subfield>
    <subfield code="y">Referencia</subfield>
    <subfield code="z">LLacuanas- Quizgo. Tomo 3</subfield>
  </datafield>
  <datafield tag="952" ind1=" " ind2=" ">
    <subfield code="0">0</subfield>
    <subfield code="1">0</subfield>
    <subfield code="2">z</subfield>
    <subfield code="4">0</subfield>
    <subfield code="7">0</subfield>
    <subfield code="8">TIC</subfield>
    <subfield code="a">Villa</subfield>
    <subfield code="b">Villa</subfield>
    <subfield code="d">2014-12-18</subfield>
    <subfield code="l">1</subfield>
    <subfield code="o">LB-02440</subfield>
    <subfield code="p">018245</subfield>
    <subfield code="r">2016-11-28 00:00:00</subfield>
    <subfield code="s">2016-11-28</subfield>
    <subfield code="t">V.4 Ej. 4</subfield>
    <subfield code="w">2014-12-18</subfield>
    <subfield code="y">Referencia</subfield>
    <subfield code="z">Rabal- Zuzagua. Tomo 4</subfield>
  </datafield>
  <datafield tag="952" ind1=" " ind2=" ">
    <subfield code="0">0</subfield>
    <subfield code="1">0</subfield>
    <subfield code="2">ddc</subfield>
    <subfield code="4">0</subfield>
    <subfield code="7">0</subfield>
    <subfield code="8">GENERAL</subfield>
    <subfield code="a">Bogota</subfield>
    <subfield code="b">Bogota</subfield>
    <subfield code="d">2014-12-18</subfield>
    <subfield code="l">6</subfield>
    <subfield code="m">1</subfield>
    <subfield code="o">LB-02440</subfield>
    <subfield code="p">003771</subfield>
    <subfield code="r">2016-07-22 00:00:00</subfield>
    <subfield code="s">2016-07-22</subfield>
    <subfield code="t">V.4 Ej.1</subfield>
    <subfield code="w">2014-12-18</subfield>
    <subfield code="y">Referencia</subfield>
  </datafield>
  <datafield tag="952" ind1=" " ind2=" ">
    <subfield code="0">0</subfield>
    <subfield code="1">0</subfield>
    <subfield code="2">z</subfield>
    <subfield code="4">0</subfield>
    <subfield code="7">0</subfield>
    <subfield code="8">TIC</subfield>
    <subfield code="a">Villa</subfield>
    <subfield code="b">Villa</subfield>
    <subfield code="d">2015-06-19</subfield>
    <subfield code="l">0</subfield>
    <subfield code="o">LB-02440</subfield>
    <subfield code="p">018242</subfield>
    <subfield code="r">2015-07-01 00:00:00</subfield>
    <subfield code="t">V. 1 Ej. 4</subfield>
    <subfield code="w">2015-06-19</subfield>
    <subfield code="y">Referencia</subfield>
    <subfield code="z">Aat&#xE1;puru-Corcovada. tomo 1</subfield>
  </datafield>
</record>
